000 00445nam a2200157 i 4500
001 bg
100 1 _aPARYJCZAK, Tadeusz
245 1 0 _aLaboratorium chemiczne dla studentów /
_cTadeusz Paryjczak, Wojciech K. Jóźwiak, Jacek Rynkowski.
260 _aŁódż,
_c1978.
700 1 _aJÓŹWIAK, Wojciech Kazimierz.
700 1 _aRYNKOWSKI, Jacek
040 _cBPK
041 _apol
942 _cKS
008 s pl f |000 0 pol
999 _c17920
_d17920
856 _uhttp://koha.tu.koszalin.pl/cgi-bin/koha/opac-detail.pl?biblionumber=17920
_yKatalog online BPK